Mathematics of business and finance (Record no. 2971)

000 -LEADER
fixed length control field 00709nam a22002297a 4500
003 - CONTROL NUMBER IDENTIFIER
control field OSt
005 - DATE AND TIME OF LATEST TRANSACTION
control field 20210728061109.0
008 - FIXED-LENGTH DATA ELEMENTS--GENERAL INFORMATION
fixed length control field 210728b ||||| |||| 00| 0 eng d
020 ## - INTERNATIONAL STANDARD BOOK NUMBER
International Standard Book Number 9780986660603
040 ## - CATALOGING SOURCE
Transcribing agency ALUPE UNIVERSITY
050 ## - LIBRARY OF CONGRESS CALL NUMBER
Classification number HF5691
Item number .D35 2012
100 ## - MAIN ENTRY--PERSONAL NAME
Personal name Larry Daisley;
245 ## - TITLE STATEMENT
Title Mathematics of business and finance
250 ## - EDITION STATEMENT
Edition statement First Edition
260 ## - PUBLICATION, DISTRIBUTION, ETC.
Place of publication, distribution, etc. [Toronto] :
Name of publisher, distributor, etc. Vretta, [2012]
Date of publication, distribution, etc. ©2012
300 ## - PHYSICAL DESCRIPTION
Extent xvi, 498 pages :
Other physical details colour illustrations ;
Size of unit 28 cm
500 ## - GENERAL NOTE
General note Text on front and back lining papers.<br/>Includes index.
650 ## - SUBJECT ADDED ENTRY--TOPICAL TERM
Topical term or geographic name entry element Business. Finance. Mathematics.
700 ## - ADDED ENTRY--PERSONAL NAME
Personal name Thambyrajah Kugathasan;
700 ## - ADDED ENTRY--PERSONAL NAME
Personal name Diane Huysmans
942 ## - ADDED ENTRY ELEMENTS (KOHA)
Source of classification or shelving scheme
Koha item type Book
Suppress in OPAC MM
Holdings
Withdrawn status Lost status Source of classification or shelving scheme Damaged status Not for loan Permanent Location Current Location Shelving location Date acquired Total Checkouts Full call number Barcode Date last seen Price effective from Koha item type Public note
          AU LIBRARY AU LIBRARY Open Shelf 28.07.2021   HF5691 .D35 2012 28001230 28.07.2021 28.07.2021 Book MM

Powered by Koha